Among Us Skeld Rooms - Statistics

General Stats
  • This quiz has been taken 28 times
  • The average score is 13 of 14
Answer Stats
Answer % Correct
Storage
100%
Admin
95%
Electrical
95%
Navigation
95%
Reactor
95%
Cafeteria
91%
Communications
91%
Lower Engine
91%
MedBay
91%
O2
91%
Shields
91%
Upper Engine
91%
Weapons
91%
Security
86%
No matching quizzes found
Score Distribution
Percent of People with Each Score
Percentile by Number Answered
Your Score History
You have not taken this quiz